000 00965cam a2200337 i 4500
001 1320225
003 OSt
005 20140310182801.0
008 780605s1979 nyu 000 0 eng
010 _a 78018444
020 _a0024181900
020 _a0024182001 (pbk.)
020 _z0024182303
_z0024182206 pbk.
040 _aDLC
_cDLC
_dDLC
050 0 0 _aPE 1408
_b.St927 1962
082 0 0 _aM 808.042
_bSt8 1962
100 1 _aStrunk, William,
_d1869-1946.
245 1 4 _aThe elements of style /
_cStrunk, William Jr.
260 _aNew York :
_bMacmillan,
_cc1979.
300 _axvii, 85 p. ;
_c21 cm.
521 _acollege students
526 _c1210L-1700L
541 _j1
562 _e1
650 0 _aEnglish language
_xRhetoric.
650 0 _aEnglish language
_xStyle.
650 0 _aReport writing.
700 1 _aWhite, E. B.
_q(Elwyn Brooks),
_d1899-1985.
906 _a7
_bcbc
_corignew
_d1
_eocip
_f19
_gy-gencatlg
942 _2lcc
_cBK
_kM
999 _c15985
_d15985